000
00238nam a2200097Ia 4500
008
240331s9999 xx 000 0 und d
082
_b
INT
100
_a
De Bruijn , L. ed
245
0
_a
International conference on women's history
942
_c
L
999
_c
1832
_d
1832